| 000 | 01342nam a22002057a 4500 | ||
|---|---|---|---|
| 003 | JO-AjAnu | ||
| 005 | 20250323100510.0 | ||
| 008 | 250316b jo ||||| |||| 00| 0 ara d | ||
| 040 |
_aJO-AjAnu _bara _cJO-AjAnu _dJO-AjAnu _erda |
||
| 041 |
_aara _hara |
||
| 050 |
_aBP173.758 _b2025 |
||
| 100 | 1 |
_aالقضاة، ياسمين مفلح علي _eمعد _966526 |
|
| 245 | 0 |
_aأثر التحول الرقمي في المصارف الإسلامية على ربحية المصارف الإسلامية – دراسة تطبيق على المصارف الإسلامية الأردنية = The Impact of Digital Transformation in Islamic Banks on Their Profitability - an Application
Study on Jordanian Islamic Banks
/
_cاعداد ياسمين مفلح علي القضاة ؛ اشراف محي الدين يعقوب ابو الهول |
|
| 260 | _c2025 | ||
| 300 | _a80 ورقة | ||
| 504 | _aرسالة جامعية ( رسالة ماجستير في المصارف الاسلامية) - جامعة عجلون الوطنية، (عجلون، الاردن) - كلية الاعمال، قسم المصارف الاسلامية، 2025. | ||
| 650 | 0 |
_aالمصارف الاسلامية - الارباح - التحول الرقمي. _966527 |
|
| 700 | 1 |
_aابو الهول، محي الدين يعقوب _964950 _eمشرف |
|
| 942 |
_2lcc _cTHS _n0 |
||
| 999 |
_c33906 _d33906 |
||